00347nam a22001217a 4500082002800000100002000028245003800048260004400086300001300130526003700143526003700180650000800217 a510.2462bANDcL-3, P-6 aAddres, Paul G. aBasic Mathematics for Engineering aLondonbJohn Wiley and Sonss Inc.c1949 ax, 776.p a0b0c0d510_246200000000000_AND a0b0c0d510_246200000000000_AND aMCE